000 00819nam a2200241 a 4500
008
020 _a0768903920 (pbk.)
049 _aMAIN
090 0 0 _aHF1131
100 1 _aKornegay, Michele.
245 1 0 _aPeterson's game plan for getting into business school /
_cMichele F. Kornegay.
246 3 0 _aGame plan for getting into business school
260 _a[Princeton, N.J.?] :
_bPeterson's,
_cc2000.
300 _a171 p. ;
_c24 cm.
504 _aIncludes bibliographical references : p. 165-166
650 0 _aBusiness schools
_zUnited States
_xAdmission.
650 0 _aUniversities and colleges
_zUnited States
_xAdmission.
907 _a.b10142496
_b05-01-07
_c07-12-04
999 _aLOCAL CM
_c156152
_d156152
003
005 20230123133857.0
040 _cNUST
942 _cBOOKS
_kHF1131